The Roosevelt revolution
Đã lưu trong:
| 主要作者: | |
|---|---|
| 格式: | 图书 |
| 语言: | Undetermined |
| 出版: |
London
Constable
1959
|
| 标签: |
添加标签
没有标签, 成为第一个标记此记录!
|
| Thư viện lưu trữ: | Trung tâm Học liệu Trường Đại học Cần Thơ |
|---|
| LEADER | 00426nam a2200169Ia 4500 | ||
|---|---|---|---|
| 001 | CTU_86487 | ||
| 008 | 210402s9999 xx 000 0 und d | ||
| 082 | |a 973.917 | ||
| 082 | |b E35 | ||
| 100 | |a Einaudi, Mario | ||
| 245 | 4 | |a The Roosevelt revolution | |
| 245 | 0 | |c Mario Einaudi | |
| 260 | |a London | ||
| 260 | |b Constable | ||
| 260 | |c 1959 | ||
| 910 | |a Vương | ||
| 980 | |a Trung tâm Học liệu Trường Đại học Cần Thơ | ||